Biggest cities by population starting with S - Statistics

General Stats
  • This quiz has been taken 29 times
  • The average score is 19 of 32
Answer Stats
Population Country Answer % Correct
~10,021,300 Brazil Sao Paulo
100%
~10,349,300 South Korea Seoul
100%
~22,315,500 China Shanghai
100%
~4,627,300 Australia Sydney
100%
~1,937,500 Yemen Sanaa
96%
~4,837,300 Chile Santiago
96%
~2,201,900 Dominican Republic Santo Domingo
96%
~3,547,800 Singapore Singapore
96%
~1,515,000 Sweden Stockholm
96%
~1,152,600 Bulgaria Sofia
93%
~5,028,000 Russia Saint Petersburg
89%
~1,394,900 USA San Diego
86%
~10,358,381 China Shenzhen
82%
~1,469,800 USA San Antonio
75%
~1,883,000 Japan Sapporo
75%
~1,026,900 USA San Jose
61%
~2,711,900 Brazil Salvador
54%
~1,364,400 Bolivia Santa Cruz de la Sierra
54%
~6,255,900 China Shenyang
54%
~2,374,700 Indonesia Surabaya
50%
~2,894,500 India Surat
50%
~5,346,000 China Suzhou
39%
~1,249,900 Iran Shiraz
36%
~1,134,700 Russia Samara
32%
~1,063,100 Japan Sendai
32%
~5,329,000 China Shantou
29%
~2,834,900 China Shijiazhuang
25%
~1,288,100 Inodnesia Semarang
21%
~1,242,700 South Korea Suwon
14%
~1,200,000 Dominican Republic Santiago de los Caballeros
7%
~1,031,900 South Korea Seongnam-si
0%
~3,460,000 China Shiyan
0%
No matching quizzes found
Score Distribution
Percent of People with Each Score
Percentile by Number Answered
Your Score History
You have not taken this quiz